000 01088nam a2200277Ia 4500
003 OSt
005 20220923211558.0
006 a|||||r|||| 00| 0
007 ta
008 220922b |||||||| |||| 00| 0 hin d
020 _a9789386319715 (hbk)
_c1495
024 _a348,294
037 _b2442, 08/03/2019, Kiran Book Service
_cTextual
040 _aARTS
_cARTS
_bhin
041 _2hin
_ahin
082 _aY72:1, 152Q8
100 _aबारोट, हिरेन जे., ले.
_9160859
245 0 _aआदिवासी समाज में सामाजिक परिवर्तन
246 _aĀdivāsī samāj mean sāmājik parivartana
260 _aजयपुर
_b पैराडाइज पब्लिशर्स
_c2018
300 _a248पृ.
_ccm.
650 _a आदिवासी समाज
_9160860
650 _aभारतीय-लोक साहित्य
942 _hY72:1, 152Q8
_cTEXL
_2CC
999 _c300982
_d300982